Learn French with alice in wonderland : a bilingual French/English book to help you learn French /
| מחבר ראשי: | |
|---|---|
| פורמט: | ספר |
| שפה: | Multiple English French |
| יצא לאור: |
Las Vegas, Nevada :
Independently published,
2021.
|
| נושאים: | |
| Classic Catalogue: | View this record in Classic Catalogue |
| LEADER | 02125nam a22003377a 4500 | ||
|---|---|---|---|
| 001 | 44252 | ||
| 003 | BD-DhAAL | ||
| 005 | 20250508162517.0 | ||
| 008 | 250319t2021 nvu||||| |||| 00| 0 mul d | ||
| 020 | |a 9798480774283 | ||
| 040 | |a BD-DhAAL |d BD-DhAAL | ||
| 041 | |h fre |a eng | ||
| 082 | |a 448.2421 |2 23 | ||
| 100 | |a Caroll, Lewiss. |9 57986 | ||
| 245 | |a Learn French with alice in wonderland : |b a bilingual French/English book to help you learn French / |c Lewiss Caroll ; translated by French Hacking. | ||
| 260 | |a Las Vegas, Nevada : |b Independently published, |c 2021. | ||
| 300 | |a viii, 163 pages ; |c 23 cm. | ||
| 526 | |a BIL |x Dr. Tanjena Sultana Khan, Lecturer, BRAC Institute of Languages (BIL) Course Name : Basic French (FRN 101) | ||
| 541 | |a R.K. Corporation |e 44252, 44253, 44254 | ||
| 650 | |a French language |x Study and teaching |x Bilingual method. |9 57540 | ||
| 650 | |a English language |x Study and teaching |x Bilingual method. |9 57639 | ||
| 650 | |a French language |x Textbooks for foreign speakers |x English |x Juvenile literature. |9 57572 | ||
| 650 | |a Alice (Fictitious character from Carroll) |v Fiction. |9 57985 | ||
| 650 | |a Short stories, French. |9 57563 | ||
| 650 | |a French language materials |x Bilingual. |9 57503 | ||
| 852 | |a Ayesha Abed Library | ||
| 942 | |2 ddc |c BK | ||
| 999 | |c 47207 |d 47207 | ||
| 952 | |0 0 |1 0 |2 ddc |4 0 |6 448_242100000000000_CAR |7 0 |9 77501 |a BIL |b BIL |d 2025-03-18 |e R K Corporation |g 5250.00 |l 0 |o 448.2421 CAR |p 3010044253 |r 2025-03-18 |t 2 |v 5250.00 |w 2025-03-18 |y BK |x Requisitioned by Dr. Tanjena Sultana Khan for the course named- "Basic French (FRN 101)". | ||
| 952 | |0 0 |1 0 |2 ddc |4 0 |6 448_242100000000000_CAR |7 0 |9 77502 |a BIL |b BIL |d 2025-03-18 |e R K Corporation |g 5250.00 |l 0 |o 448.2421 CAR |p 3010044252 |r 2025-03-18 |t 1 |v 5250.00 |w 2025-03-18 |y BK |x Requisitioned by Dr. Tanjena Sultana Khan for the course named- "Basic French (FRN 101)". | ||
| 952 | |0 0 |1 0 |2 ddc |4 0 |6 448_242100000000000_CAR |7 0 |9 77503 |a BIL |b BIL |d 2025-03-18 |e R K Corporation |g 5250.00 |l 1 |m 2 |o 448.2421 CAR |p 3010044254 |r 2025-05-06 |s 2025-04-23 |t 3 |v 5250.00 |w 2025-03-18 |y BK |x Requisitioned by Dr. Tanjena Sultana Khan for the course named- "Basic French (FRN 101)". | ||